The power of simple prayer : (Record no. 8273)

MARC details
000 -LEADER
fixed length control field 02130cam a2200349 a 4500
001 - CONTROL NUMBER
control field 662572
003 - CONTROL NUMBER IDENTIFIER
control field OSt
005 - DATE AND TIME OF LATEST TRANSACTION
control field 20190926160037.0
008 - FIXED-LENGTH DATA ELEMENTS--GENERAL INFORMATION
fixed length control field 060817s2007 nyu b 000 0 eng
010 ## - LIBRARY OF CONGRESS CONTROL NUMBER
LC control number 2006027201
020 ## - INTERNATIONAL STANDARD BOOK NUMBER
International Standard Book Number 9780446531962 (regular ed.)
020 ## - INTERNATIONAL STANDARD BOOK NUMBER
International Standard Book Number 0446531960 (regular ed.)
029 1# - OTHER SYSTEM CONTROL NUMBER (OCLC)
OCLC library identifier YDXCP
System control number 2234655
035 ## - SYSTEM CONTROL NUMBER
System control number (OCoLC)ocm71210149
035 ## - SYSTEM CONTROL NUMBER
System control number (OCoLC)ocm71210149
035 ## - SYSTEM CONTROL NUMBER
System control number (OCoLC)71210149
040 ## - CATALOGING SOURCE
Original cataloging agency DLC
Transcribing agency DLC
Modifying agency BTCTA
-- WIQ
-- BAKER
-- VP@
-- YDXCP
-- BUR
-- PTS
049 ## - LOCAL HOLDINGS (OCLC)
Holding library PTSS
050 00 - LIBRARY OF CONGRESS CALL NUMBER
Classification number BV210.3
Item number .M495 2007
082 00 - DEWEY DECIMAL CLASSIFICATION NUMBER
Classification number 248.32
Edition number 22
Item number M612P
100 1# - MAIN ENTRY--PERSONAL NAME
Personal name Meyer, Joyce,
Dates associated with a name 1943-
245 14 - TITLE STATEMENT
Title The power of simple prayer :
Remainder of title how to talk with God about everything /
Statement of responsibility, etc. Joyce Meyer.
260 ## - PUBLICATION, DISTRIBUTION, ETC.
Place of publication, distribution, etc. New York :
Name of publisher, distributor, etc. Faith Words,
Date of publication, distribution, etc. c2007.
300 ## - PHYSICAL DESCRIPTION
Extent xii, 299 p. ;
Dimensions 24 cm.
504 ## - BIBLIOGRAPHY, ETC. NOTE
Bibliography, etc. note Includes bibliographical references.
505 0# - FORMATTED CONTENTS NOTE
Formatted contents note Lord, teach me -- The simple privilege -- Just like breathing -- The power of prayer -- Praise, worship, and thanksgiving -- Consecration and commitment -- Petition and perseverance -- Intercession and agreement -- The word and the spirit -- Keys to powerful prayer -- Above all -- Fourteen hindrances to answered prayer -- Sure victory in prayer -- Staying strong through prayer.
520 ## - SUMMARY, ETC.
Summary, etc. Prayer transforms lives every day. But for those who pray, how many truly understand its power? In her straightforward and profound style, Joyce Meyer reveals the force that comes through the simple act of prayer. By explaining the keys to unanswered prayers, the hindrances to prayer's effectiveness, and the Bible's role in prayer, Joyce gives readers a new perspective on how best to communicate with God. She reveals that through prayerful conversation comes the ability to be successful in life, strong at heart, and sincere with others. Simple prayer, powerful results.--From publisher description.
650 #0 - SUBJECT ADDED ENTRY--TOPICAL TERM
Topical term or geographic name entry element Prayer
General subdivision Christianity.
856 41 - ELECTRONIC LOCATION AND ACCESS
Materials specified Table of contents only
Uniform Resource Identifier <a href="http://www.loc.gov/catdir/toc/ecip0619/2006027201.html">http://www.loc.gov/catdir/toc/ecip0619/2006027201.html</a>
856 42 - ELECTRONIC LOCATION AND ACCESS
Materials specified Publisher description
Uniform Resource Identifier <a href="http://www.loc.gov/catdir/enhancements/fy0654/2006027201-d.html">http://www.loc.gov/catdir/enhancements/fy0654/2006027201-d.html</a>
942 ## - ADDED ENTRY ELEMENTS (KOHA)
Source of classification or shelving scheme Dewey Decimal Classification
Koha item type Books
Holdings
Withdrawn status Lost status Source of classification or shelving scheme Damaged status Not for loan Collection code Home library Current library Date acquired Total Checkouts Full call number Barcode Date last seen Price effective from Koha item type
    Dewey Decimal Classification     Non-fiction Harvest Mission College Harvest Mission College 26.09.2019   248.32 M612P 009398 26.09.2019 26.09.2019 Books

OPAC Designed and Maintained by HMC Library Team.
Copyright © HMC Library,Greater Noida, UP.
For any Suggestions/Query Contact library via Email:libhmc@gmail.com